| 000 | 01314cam a2200205 4500 | ||
|---|---|---|---|
| 001 | ABS62364 | ||
| 008 | 000000n2000 000 0 eng u | ||
| 035 | _a(Sirsi) u106344 | ||
| 100 | _aBurridge, K. | ||
| 245 | _aLandscape enters the planning process | ||
| 260 | _c2000 | ||
| 490 |
_aRural Practice Bulletin _vMarch/April 2000, 24-25(2) |
||
| 520 | _aProvides a history of the consideration of landscape character in the planning process. One of the first was a Countryside Commission document published in 1987, followed by work in Warwickshire which widely gained acceptance among local authorities. In the mid 1990s the Countryside Commission carried out a programme of work to consistently analyse landscape character across England. This resulted in a map dividing England into 181 separate Regional Character areas. The first practical application of this appproach is now being developed by Staffordsgire and Stoke as part of the structure plan review, where a countryside character approach will get the go-ahead as supplementary guidance. Provides more detail on how this will operate. | ||
| 590 | _aABS | ||
| 650 | _aLANDSCAPE CHARACTER | ||
| 650 | _aPLANNING PROCESS | ||
| 650 | _aLANDSCAPE ASSESSMENT | ||
| 690 | _aENVIRONMENTAL AND LAND CONSULTANCY-PLANNING AND DEVELOPMENT | ||
| 942 | _n0 | ||
| 999 |
_c63693 _d63693 |
||